000 00778nam a2200241Ia 4500
003 OSt
005 20220923225154.0
006 a|||||r|||| 00| 0
007 ta
008 220922b |||||||| |||| 00| 0 hin d
024 _a259,352
037 _cTextual
040 _aARTS
_cARTS
_bhin
041 _2hin
_ahin
082 _aO152,1N41x, N6.1-.2
100 _aवाजपेयी, अशोक
_9156275
245 0 _aतिनका तिनका
246 _aTinakā tinakā
260 _aनई दिल्ली
_b प्रवीण प्रकाशन
_c1996
650 _aहिन्दी साहित्य
_9156264
942 _hO152,1N41x, N6.1-.2
_cTEXL
_2CC
999 _c376528
_d376528